مباحث في العقل : (رقم التسجيلة. 122450)

تفاصيل مارك
000 -الفاتح
عناصر البيانات ثابتة الطول 00866cam a2200193 i 4500
005 - تاريخ ووقت آخر معاملة
حقل ضبط 20251108174944.0
008 - عناصر البيانات ثابتة الطول
عناصر البيانات ثابتة الطول 250721s2011 jo gr 000 0 ara d
082 14 - رقم تصنيف ديوي العشري
رقم التصنيف 128.2
رقم المادة ي ا س
100 1# - مدخل رئيسي – اسم شخصي
الاسم الشخصي ياسين، محمد نعيم
علاقة الشخص بالعمل/ دوره مؤلف.
245 10 - بيان العنوان
العنوان مباحث في العقل :
بقية العنوان ما هية العقل وعقل التكليف - علاقة العقل بالنص الشرعي - أثر الأمراض العقلية والنفسية على المسؤولية الجنائية /
بيان المسؤولية الأستاذ الدكتور محمد نعيم ياسين.
250 ## - بيان الطبعة
بيان الطبعة الطبعة الأولى.
264 1# - بيانات النشر، التوزيع…إلخ
مكان النشر، التوزيع...إلخ عمان :
اسم الناشر، الموزع...إلخ دار النفائس للنشر،
تاريخ النشر، التوزيع...إلخ 2011.
300 ## - الوصف المادي
عدد الوحدات المكونة للوعاء 327صفحة.
650 17 - مدخل إضافي بالموضوع - مصطلح موضوعي
مصطلح موضوعي أو اسم جغرافي كعنصر مدخل العقل ( علم نفس ).
650 17 - مدخل إضافي بالموضوع - مصطلح موضوعي
مصطلح موضوعي أو اسم جغرافي كعنصر مدخل المسؤولية الجنائية.
650 17 - مدخل إضافي بالموضوع - مصطلح موضوعي
مصطلح موضوعي أو اسم جغرافي كعنصر مدخل الوعي.
942 ## - بيانات إضافية (كوها)
نوع التنصيف Dewey Decimal Classification
نوع المادة (كوها) كتب
المقتنيات
حالة السحب حالة الفقدان مصدر التصنيف حالة التلف غير قابل للإعارة المكتبة الرئيسية المكتبة الحالية موقع الرف تاريخ التزويد الرقم المتسلسل Total Checkouts رقم الإستدعاء الباركود تاريخ آخر ظهور تاريخ الفاتورة نوع المادة (كوها)
    Dewey Decimal Classification     المكتبة المركزية المكتبة المركزية الإعارة 28/07/2025 1421459   128.2 / ي ا س PLD00173865 28/07/2025 28/07/2025 كتب
    Dewey Decimal Classification     مكتبة الراية الهاشمية للأطفال مكتبة الراية الهاشمية للأطفال الإعارة 07/02/2015 1591200   128.2/ياس PLD00315642 28/07/2025 07/02/2015 كتب
    Dewey Decimal Classification     مكتبة النصر العامة مكتبة النصر العامة الإعارة 28/12/2010 1421462   128.2/ياس PLD00175767 28/07/2025 28/12/2010 كتب
    Dewey Decimal Classification     مكتبة حمزة العامة مكتبة حمزة العامة الإعارة 28/12/2010 1421468   128.2/ياس PLD00175774 28/07/2025 28/12/2010 كتب
    Dewey Decimal Classification     مكتبة صويلح العامة مكتبة صويلح العامة الإعارة 28/12/2010 1421460   128.2/ياس PLD00175765 28/07/2025 28/12/2010 كتب
    Dewey Decimal Classification     مكتبة وادي السير العامة مكتبة وادي السير العامة الإعارة 28/12/2010 1421461   128.2/ياس PLD00175766 28/07/2025 28/12/2010 كتب
Implemented & Customized by: BBB with SCIT (Smart Chains for Information Technology)

Powered by Koha